Libro de Manuel
Gespeichert in:
| 1. Verfasser: | |
|---|---|
| Format: | Buch |
| Sprache: | Spanisch |
| Veröffentlicht: |
Buenos Aires
Sudamericana
1973
|
| Ausgabe: | 1a. ed |
| Schlagworte: | |
| Tags: |
Tag hinzufügen
Keine Tags, Fügen Sie den ersten Tag hinzu!
|
MARC
| LEADER | 00000cam a2200000 a 4500 | ||
|---|---|---|---|
| 001 | UCF5679 | ||
| 003 | CL-VaPUC | ||
| 008 | 130322e19730000AG |||||||||||||||||spa|d | ||
| 082 | 0 | 4 | |a Ar863 |b COR |2 21 |
| 100 | |a Cortázar, Julio, |d 1914-1984 |e author |9 347319 | ||
| 245 | 1 | 0 | |a Libro de Manuel |
| 250 | |a 1a. ed | ||
| 300 | |a 385 p | ||
| 942 | |c BK | ||
| 945 | |d 20130322 00:00:00 |a cmena | ||
| 260 | |a Buenos Aires |b Sudamericana |c 1973 | ||
| 650 | 0 | |a Novelas argentinas |9 267871 | |
| 650 | 0 | |a Literatura argentina |9 320596 | |
| 583 | |a last modification |c 20130322 12:27:00 |k Rodrigo Vera | ||
| 999 | |c 351137 |d 351135 | ||
| 952 | |0 0 |1 0 |4 0 |6 AR_863_000000000000000_COR_1973 |7 0 |8 A |9 455094 |a BIBEDU |b BIBEDU |d 2019-11-22 |i 495694K |o Ar863 COR 1973 |p 495694K |r 2019-11-22 |w 2019-11-22 |y BK |k LIT | ||